| 000 | 00418nam a2200181Ia 4500 | ||
|---|---|---|---|
| 005 | 20240823060311.0 | ||
| 008 | 240823s9999||||xx |||||||||||||| ||und|| | ||
| 041 | _aENGLISH | ||
| 082 | _A621.815 Q6 | ||
| 100 | _aSrinivasan M | ||
| 245 | 0 | _aSpecial Machines | |
| 250 | _a1st | ||
| 260 |
_c2016 _bAPK Technical Solu |
||
| 500 | _aTRANSFERED | ||
| 650 |
_aMechanical _bMechanical |
||
| 942 | _cBK | ||
| 999 |
_c230804 _d230804 |
||